000
00277nam a2200097Ia 4500
008
240331s9999 xx 000 0 und d
082
_b
BUI
100
_a
Mayer, M. ed
245
0
_a
Building local capacities for peace :
_b
rethinking conflict and development in Sri Lanka
942
_c
L
999
_c
1989
_d
1989